Investigar las audiencias : (Record no. 48160)

MARC details
000 -LEADER
fixed length control field 00579nam a22001817a 4500
008 - FIXED-LENGTH DATA ELEMENTS--GENERAL INFORMATION
fixed length control field 140128t sp||||| |||| 00| 0 spa d
020 ## - INTERNATIONAL STANDARD BOOK NUMBER
International Standard Book Number 8449310652
050 04 - LIBRARY OF CONGRESS CALL NUMBER
Classification number P96.A83
Item number C35 2001
100 1# - MAIN ENTRY--PERSONAL NAME
Personal name Callejo, Javier
245 10 - TITLE STATEMENT
Title Investigar las audiencias :
Remainder of title un análisis cualitativo /
Statement of responsibility, etc Javier Callejo
250 ## - EDITION STATEMENT
Edition statement 1a ed.
260 ## - PUBLICATION, DISTRIBUTION, ETC. (IMPRINT)
Place of publication, distribution, etc Barcelona :
Name of publisher, distributor, etc Paidos,
Date of publication, distribution, etc 2001
300 ## - PHYSICAL DESCRIPTION
Extent 293 p. ;
Dimensions 20 cm.
440 #0 - SERIES STATEMENT/ADDED ENTRY--TITLE
Title Papeles de comunicación ;
Volume number/sequential designation 34
504 ## - BIBLIOGRAPHY, ETC. NOTE
Bibliography, etc Bibliografía : p. 285-293 e índice
650 #4 - SUBJECT ADDED ENTRY--TOPICAL TERM
Topical term or geographic name as entry element Medios de comunicación masiva
General subdivision Audiencias
942 ## - ADDED ENTRY ELEMENTS (KOHA)
Source of classification or shelving scheme Biblioteca del Cogreso de los Estados Unidos
Koha item type Libro
Holdings
Estado de pérdida Fuente de clasificación Estado del daño No para préstamo Ubicación permanente Ubicación actual Fecha de adquisición Fuente de adquisición Enumeración de Serie / Cronológica Clasificación Código de Barras Date last seen Número de copia Tipo de recurso Nota pública
  Biblioteca del Cogreso de los Estados Unidos     Biblioteca de la Facultad de Letras Biblioteca de la Facultad de Letras 28/01/2014   LLH000003696 P96 .A83 C35 2001 LLH000003696 16/01/2015 C:1 Libro General